comparison of growth and yield on cucumber varieties in net house condition ប្រៀបធៀបពូជដំណាំត្រសក់លើការលូតលាស់និងទិន្នផលក្នុងលក្ខណ្ឌផ្ទះសំណាញ (Record no. 18237)

000 -LEADER
fixed length control field 00659nam a22001577a 4500
003 - CONTROL NUMBER IDENTIFIER
control field OSt
005 - DATE AND TIME OF LATEST TRANSACTION
control field 20190905132500.0
008 - FIXED-LENGTH DATA ELEMENTS--GENERAL INFORMATION
fixed length control field 190905b xxu||||| |||| 00| 0 eng d
040 ## - CATALOGING SOURCE
Transcribing agency RUA
082 ## - DEWEY DECIMAL CLASSIFICATION NUMBER
Classification number AGR KOU 2017 B646 Or.1
100 ## - MAIN ENTRY--PERSONAL NAME
9 (RLIN) 13911
Personal name KOUY RAKSA គួយ រក្សា
245 ## - TITLE STATEMENT
Title comparison of growth and yield on cucumber varieties in net house condition ប្រៀបធៀបពូជដំណាំត្រសក់លើការលូតលាស់និងទិន្នផលក្នុងលក្ខណ្ឌផ្ទះសំណាញ
260 ## - PUBLICATION, DISTRIBUTION, ETC. (IMPRINT)
Place of publication, distribution, etc. RUA
Name of publisher, distributor, etc. phnom penh
Date of publication, distribution, etc. 2017
300 ## - PHYSICAL DESCRIPTION
Extent xii;44p
Other physical details ill;
Dimensions 29cm
942 ## - ADDED ENTRY ELEMENTS (KOHA)
Source of classification or shelving scheme
Koha item type AGR
Holdings
Price effective from Date last seen Permanent Location Not for loan Date acquired Source of classification or shelving scheme Koha item type Lost status Withdrawn status Date last checked out Total Checkouts Shelving location Damaged status Barcode Current Location Full call number
2019-09-052019-09-05Library Block B 2019-09-05 AGR    B646 A43912Library Block BAGR KOU 2017 B646 Or.1
2019-09-052019-09-05Library Block B 2019-09-05 AGR    B646 A43902Library Block BAGR KOU 2017 B646 Or.2
2019-09-052019-09-05Library Block B 2019-09-05 AGR    B646 A43602Library Block BAGR KOU 2017 B646 Or.3
2019-09-052023-03-15Library Block B 2019-09-05 AGR  2023-02-141B646 A43972Library Block BAGR KOU 2017 B646 Or.4
2019-09-052019-09-05Library Block B 2019-09-05 AGR    B646 A44047Library Block BAGR KOU 2017 B646 Or.5
2019-09-052019-09-05Library Block B 2019-09-05 AGR    B646 A43752Library Block BAGR KOU 2017 B646 Or.6
មជ្ឈមណ្ឌលឯការនៃសាកលវិទ្យាល័យភូមិន្ទកសិកម្មចំការដូង

Powered by Koha